| 000 | 01059nam0a22002771 4500 | ||
|---|---|---|---|
| 001 | rc\2917384 | ||
| 005 | 20250806211343.0 | ||
| 035 | _a(NLR Aleph) 007067733 | ||
| 090 |
_a54524 _c54524 |
||
| 100 | _a20110810d1943 u y0rusy50 ca | ||
| 101 | 0 | _arus | |
| 102 | _aRU | ||
| 105 | _aa z ||||| | ||
| 200 | 1 |
_aПесня про царя Ивана Васильевича, молодого опричника и удалого купца Калашникова _fРис. И. Билибина |
|
| 210 |
_aМосква _cГослитиздат _d1943 |
||
| 215 |
_a18, [2] с. _cил. _d33 см |
||
| 700 | 1 |
_aЛермонтов _bМ. Ю. _f1814-1841 _gМихаил Юрьевич _3RU\NLR\auth\77328 |
|
| 702 | 1 |
_aБилибин _bИ. Я. _cхудожник _f1876-1942 _gИван Яковлевич _3RU\NLR\AUTH\7710265 _4440 |
|
| 801 | 0 |
_aRU _bNLR _gpsbo |
|
| 801 | 1 |
_aRU _bELAR _2rusmarc |
|
| 852 |
_aNLR _jЛ30 Г-8/14 |
||
| 942 | _cBOOK | ||
| 945 | _aРоссийская национальная библиотека | ||
| 980 | _aNB | ||
| 980 | _aBV | ||